<?xml version="1.0" encoding="UTF-8"?>
<record
    xmlns:xsi="http://www.w3.org/2001/XMLSchema-instance"
    xsi:schemaLocation="http://www.loc.gov/MARC21/slim http://www.loc.gov/standards/marcxml/schema/MARC21slim.xsd"
    xmlns="http://www.loc.gov/MARC21/slim">

  <leader>01685nam a2200253   4500</leader>
  <controlfield tag="003">CO-ViMGA</controlfield>
  <datafield tag="020" ind1=" " ind2=" ">
    <subfield code="a">9789583043499 </subfield>
  </datafield>
  <datafield tag="040" ind1=" " ind2=" ">
    <subfield code="a">CO-ViMGA</subfield>
    <subfield code="b">spa</subfield>
    <subfield code="c">CO-ViMGA</subfield>
  </datafield>
  <datafield tag="082" ind1="0" ind2="4">
    <subfield code="a">100 </subfield>
    <subfield code="b">B64g</subfield>
  </datafield>
  <datafield tag="100" ind1="1" ind2=" ">
    <subfield code="a"> Boizard, Sophie,</subfield>
    <subfield code="d">1974-</subfield>
    <subfield code="9">2349</subfield>
  </datafield>
  <datafield tag="245" ind1="1" ind2="0">
    <subfield code="a">Los grandes fil&#xF3;sofos hablan a los peque&#xF1;os fil&#xF3;sofos /</subfield>
    <subfield code="c"> Sophie Boizard ; ilustraciones de Laurent Audouin ; traducci&#xF3;n de Cristina Ramos ; edici&#xF3;n de Raquel Mireya Fonseca Leal </subfield>
  </datafield>
  <datafield tag="260" ind1=" " ind2=" ">
    <subfield code="a">Bogot&#xE1; :</subfield>
    <subfield code="b">Panamericana,</subfield>
    <subfield code="c">2014</subfield>
  </datafield>
  <datafield tag="300" ind1=" " ind2=" ">
    <subfield code="a">$a 61 p&#xE1;ginas : </subfield>
    <subfield code="b"> ilustraciones en color ; 23 cm </subfield>
  </datafield>
  <datafield tag="500" ind1=" " ind2=" ">
    <subfield code="a"> Incluye datos biogr&#xE1;ficos del autor </subfield>
  </datafield>
  <datafield tag="500" ind1=" " ind2=" ">
    <subfield code="a">Recomendado para personas de 10 a 12 a&#xF1;os </subfield>
  </datafield>
  <datafield tag="520" ind1=" " ind2=" ">
    <subfield code="a">Con los dos aprendices de fil&#xF3;sofos de este libro, Jos&#xE9;phine y L&#xE9;o, descubrir&#xE1;s 37 citas de grandes fil&#xF3;sofos con breves historias que las ilustran para explicarlas mejor. &#xBF;Qui&#xE9;n dijo &#xAB;Pienso, luego existo&#xBB;, &#xAB;Nadie es malo voluntariamente&#xBB; o &#xAB;Pensar es decir que no&#xBB;? &#xBF;Por qu&#xE9; es mejor tener una cabeza bien hecha que bien llena? Para saberlo, abre esta inigualable selecci&#xF3;n de citas: aprender&#xE1;s los grandes nombres de la filosof&#xED;a y sus pensamientos m&#xE1;s c&#xE9;lebres sobre el ser humano y los animales, el bien y el mal, el tiempo, la felicidad y muchos otros temas. Para todos los peque&#xF1;os fil&#xF3;sofos que se lanzar&#xE1;n al ruedo. </subfield>
  </datafield>
  <datafield tag="534" ind1=" " ind2=" ">
    <subfield code="t">Les grands philosophes parlent aux petits philosophes.</subfield>
  </datafield>
  <datafield tag="650" ind1="1" ind2="4">
    <subfield code="a"> Valores (filosof&#xED;a)</subfield>
    <subfield code="x">Literatura infantil </subfield>
    <subfield code="9">2351</subfield>
  </datafield>
  <datafield tag="650" ind1="1" ind2="4">
    <subfield code="a"> Valores sociales </subfield>
    <subfield code="x">Literatura infantil </subfield>
    <subfield code="9">2352</subfield>
  </datafield>
  <datafield tag="650" ind1="1" ind2="4">
    <subfield code="a">Filosof&#xED;a</subfield>
    <subfield code="x">Literatura infantil </subfield>
    <subfield code="9">2350</subfield>
  </datafield>
  <datafield tag="700" ind1="1" ind2=" ">
    <subfield code="a">Audouin, Laurent, </subfield>
    <subfield code="e">il.</subfield>
    <subfield code="9">2353</subfield>
  </datafield>
  <datafield tag="700" ind1="1" ind2=" ">
    <subfield code="a">Ramos, Cristina,</subfield>
    <subfield code="e">tr.</subfield>
    <subfield code="9">157</subfield>
  </datafield>
  <datafield tag="942" ind1=" " ind2=" ">
    <subfield code="2">ddc</subfield>
    <subfield code="c">BK</subfield>
  </datafield>
  <datafield tag="999" ind1=" " ind2=" ">
    <subfield code="c">37202</subfield>
    <subfield code="d">37202</subfield>
  </datafield>
  <datafield tag="952" ind1=" " ind2=" ">
    <subfield code="0">0</subfield>
    <subfield code="1">0</subfield>
    <subfield code="2">ddc</subfield>
    <subfield code="4">0</subfield>
    <subfield code="7">0</subfield>
    <subfield code="a">MEVIECAR</subfield>
    <subfield code="b">MEVIECAR</subfield>
    <subfield code="d">2020-02-28</subfield>
    <subfield code="g">35752.00</subfield>
    <subfield code="l">0</subfield>
    <subfield code="o">100 B64g</subfield>
    <subfield code="p">32131</subfield>
    <subfield code="r">2020-02-28 00:00:00</subfield>
    <subfield code="w">2020-02-28</subfield>
    <subfield code="y">BK</subfield>
  </datafield>
  <datafield tag="952" ind1=" " ind2=" ">
    <subfield code="0">0</subfield>
    <subfield code="1">0</subfield>
    <subfield code="2">ddc</subfield>
    <subfield code="4">0</subfield>
    <subfield code="7">0</subfield>
    <subfield code="a">MEVIECAR</subfield>
    <subfield code="b">MEVIECAR</subfield>
    <subfield code="d">2020-02-28</subfield>
    <subfield code="g">35752.00</subfield>
    <subfield code="l">0</subfield>
    <subfield code="o">100 B64g</subfield>
    <subfield code="p">32132</subfield>
    <subfield code="r">2020-02-28 00:00:00</subfield>
    <subfield code="w">2020-02-28</subfield>
    <subfield code="y">BK</subfield>
  </datafield>
</record>
